header

Going straight (Record no. 8566)

MARC details
000 -LEADER
fixed length control field 01383nam a2200325Ia 4500
001 - CONTROL NUMBER
control field ebr10696075
003 - CONTROL NUMBER IDENTIFIER
control field CaPaEBR
006 - FIXED-LENGTH DATA ELEMENTS--ADDITIONAL MATERIAL CHARACTERISTICS--GENERAL INFORMATION
fixed length control field m u
007 - PHYSICAL DESCRIPTION FIXED FIELD--GENERAL INFORMATION
fixed length control field cr cn|||||||||
008 - FIXED-LENGTH DATA ELEMENTS--GENERAL INFORMATION
fixed length control field 990923r20011999enk s 000 0 eng d
020 ## - INTERNATIONAL STANDARD BOOK NUMBER
Cancelled/invalid ISBN 187287066X
Cancelled/invalid ISBN 9781872870663
Cancelled/invalid ISBN 9781906534172 (ebook)
040 ## - CATALOGING SOURCE
Original cataloging agency CaPaEBR
Transcribing agency CaPaEBR
035 ## - SYSTEM CONTROL NUMBER
System control number (OCoLC)847010276
050 14 - LIBRARY OF CONGRESS CALL NUMBER
Classification number HV6080
Item number .G65 2001eb
245 00 - TITLE STATEMENT
Title Going straight
Medium [electronic resource] :
Remainder of title after crime and punishment /
Statement of responsibility, etc compiled by Angela Devlin, Bob Turney ; foreword Jack Straw ; with contributions by Sir Stephen Tumim, Roger Graef.
260 ## - PUBLICATION, DISTRIBUTION, ETC. (IMPRINT)
Place of publication, distribution, etc Winchester :
Name of publisher, distributor, etc Waterside,
Date of publication, distribution, etc 2001, c1999.
300 ## - PHYSICAL DESCRIPTION
Extent viii, 272 p.
533 ## - REPRODUCTION NOTE
Type of reproduction Electronic reproduction.
Place of reproduction Palo Alto, Calif. :
Agency responsible for reproduction ebrary,
Date of reproduction 2013.
Note about reproduction Available via World Wide Web.
-- Access may be limited to ebrary affiliated libraries.
650 #0 - SUBJECT ADDED ENTRY--TOPICAL TERM
Topical term or geographic name as entry element Criminal justice, Administration of
Geographic subdivision Great Britain.
Topical term or geographic name as entry element Criminal psychology
Geographic subdivision Great Britain.
Topical term or geographic name as entry element Self-control
General subdivision Study and teaching
Geographic subdivision Great Britain.
Topical term or geographic name as entry element Social skills
General subdivision Study and teaching
Geographic subdivision Great Britain.
655 #7 - INDEX TERM--GENRE/FORM
Genre/form data or focus term Electronic books.
Source of term local
700 1# - ADDED ENTRY--PERSONAL NAME
Personal name Devlin, Angela.
Personal name Turney, Bob,
Dates associated with a name 1944-
710 2# - ADDED ENTRY--CORPORATE NAME
Corporate name or jurisdiction name as entry element ebrary, Inc.
856 40 - ELECTRONIC LOCATION AND ACCESS
Uniform Resource Identifier <a href="http://site.ebrary.com/lib/rucke/Doc?id=10696075">http://site.ebrary.com/lib/rucke/Doc?id=10696075</a>
Public note An electronic book accessible through the World Wide Web; click to view

No items available.

© 2026 Rongo University
Contact us: librarian | system librarian | Rongo university